000 01354cam a22004097a 4500
001 6480
003 FISKH
005 20250506111156.0
008 120403s2013 flua j 000 1 eng d
010 _a 2012936767
020 _a9781618101655
020 _a9781618102980
020 _a161810165X
020 _a9781618102980 (soft)
020 _a1618102982 (soft)
020 _a9780329940515 (hbk. : Follettbound)
020 _a0329940511 (hbk. : Follettbound)
035 _a(OCoLC)ocn792870403
040 _aBTCTA
_beng
_cBTCTA
_dDLC
042 _alccopycat
050 _aPZ7.M1986323 W
082 _a823
100 1 _aMcKenzie, Precious,
_d1975-
245 1 0 _aWho stole the veggies from the veggie patch? /
_cby Precious McKenzie ; illustrated by Jenny Snape.
260 _aVero Beach :
_bRourke Educational Media,
_c2013.
300 _a24 pages :
_bcolor illustrations ;
_c21 cm
490 0 _aLittle birdie books
505 _aE
520 _a"Who Stole the Cookies from the Cookie Jar" is given a new twist using vegetables in this delightful book using different animals.
521 8 _a220
_bLexile
521 8 _aE
_bRaz-Plus
650 0 _aVegetables
_vJuvenile fiction.
700 1 _aSnape, Jenny,
_eillustrator
906 _a7
_bcbc
_ccopycat
_d2
_eepcn
_f20
_gy-gencatlg
942 _2ddc
_cBK
_n0
999 _c6480
_d6480